000
00161 a2200085 4500
020
_a
9780439559850
100
_a
JUDY BLUME
245
_a
FUDGE A MARIA
942
_c
BK
999
_c
3070
_d
3070